Introducción al Derecho

Сохранить в:
Библиографические подробности
Главный автор: Squella Narducci, Agustín (autor)
Формат:
Язык:испанский
Опубликовано: Santiago, Chile: Legal Publishing; Thomson Reuters, 2014
Редактирование:Edición Actualizada y Ampliada
Серии:Colección Tratados y Manuales
Предметы:
Метки: Добавить метку
Нет меток, Требуется 1-ая метка записи!

MARC

LEADER 00000cam a2200000 a 4500
001 UCE1498
003 CL-VaPUC
005 20250326111353.0
008 140502e20140000cl |||||||||||||||||spa|d
999 |c 355274  |d 355272 
020 |a 9789563464795 
040 |c Pontificia Universidad Católica de Valparaíso 
082 0 4 |a 340.11 SQU 2014  |2 21 
100 1 |a Squella Narducci, Agustín  |e autor  |9 876578 
245 1 0 |a Introducción al Derecho 
250 |a Edición Actualizada y Ampliada 
260 |a Santiago, Chile:  |b Legal Publishing;  |b Thomson Reuters,  |c 2014 
300 |a 751 páginas 
490 0 |a Colección Tratados y Manuales 
583 |a last modification  |c 20140502 10:02:00  |k Rodrigo Vera 
650 0 |a Filosofía del derecho   |9 255050 
650 0 |a Historia del derecho  |9 255109 
650 0 |a Fuentes del derecho   |9 255162 
650 0 |a Derechos fundamentales   |9 254841 
650 0 |a Interpretación del derecho   |9 897260 
650 0 |a Ordenamiento jurídico  |9 355371 
942 |c BK  |2 ddc 
945 |d 20140502 10:02:00  |a dcastane 
952 |0 0  |1 0  |3 erb  |4 0  |6 340_110000000000000_SQU_2014  |7 0  |8 A  |9 461912  |a BIBDER  |b BIBDER  |i 5070090  |l 5  |m 2  |o 340.11 SQU 2014  |p 5070090  |r 2024-07-02  |s 2024-06-24  |w 2019-11-23  |y BK  |z Catalogado en:20140502  |k DER